00306 a2200121 450000500170000000800410001702000180005804100120007610000140008824500530010226000210015530000080017620250514123638.0240926b |||||||| |||| 00| 0 eng d a9781786330895 aEnglish aGarcia H. aIkigaic: Japanese secret to long and happy life bHutchinsonc2017 a194